00748 2200217 4500001002100000005001500021035002000036007000300056008004100059020002200100082001100122084001700133100002700150245010600177250002600283260003700309300005500346650005200401504002800453600004900481INLIS00000000000407920251119102208 a0010-1125000111ta251119 b 0 ind  a978-602-6825-57-8 a372.35 a372.35 VIV n0 aVivi Maslakhatul Riski1 aNew Update Big Book IPA SD/MI Kelas 4, 5, & 6 /cVivi Maslakhatul Riski (Penulis); Sigit (Penyunting) aCetakan Pertama, 2022 aJakarta Selatan :bBmedia,c2022 avi; 450 Halaman :bIlustrasi; teks; tabel ;c22 cm 4aSains (Pendidikan dasar) - Studi dan pengajaran aBibliografi Halaman 447 4aSains (Pendidikan dasar) - Ujian, soal, dsb.